| 000 | 00752nam a22002297a 4500 | ||
|---|---|---|---|
| 005 | 20170124110202.0 | ||
| 010 | _aA-948747 | ||
| 020 |
_c00.00 _a0074633481 |
||
| 035 | _aA-948747 | ||
| 037 | _bCen Lib/Ret | ||
| 040 |
_aDPL _bEN |
||
| 082 |
_a005.13 _bRAV |
||
| 100 |
_aRavichandran, D. _974477 |
||
| 245 |
_aProgramming with pascal / _cby D. Ravichandran |
||
| 260 |
_aNew Delhi _bTata McGraw Hill Publishing Company _c1998 |
||
| 270 |
_a7 West Patel Nagar _bNew Delhi _e110008 |
||
| 300 |
_axiv,613p. _c24cm(pbk) |
||
| 500 | _aIncludes bibliographical references and index | ||
| 650 |
_aPascal (Computer program language) _937525 |
||
| 650 |
_aPASCAL (Langage de programmation) _974478 |
||
| 942 |
_2ddc _cEN _h005.13 _mRAV |
||
| 999 |
_c133011 _d133011 |
||